Online
Catalog

Trujillo y los héroes de junio / (Record no. 21080)

MARC details
000 -CABECERA
campo de control de longitud fija 01590nam a2200277 a 4500
001 - NÚMERO DE CONTROL
campo de control 000021581
003 - IDENTIFICADOR DEL NÚMERO DE CONTROL
campo de control DO-SdBNP
005 - FECHA Y HORA DE LA ÚLTIMA TRANSACCIÓN
campo de control 20240410103359.0
007 - CAMPO FIJO DE DESCRIPCIÓN FÍSICA--INFORMACIÓN GENERAL
campo de control de longitud fija ta
008 - DATOS DE LONGITUD FIJA--INFORMACIÓN GENERAL
campo de control de longitud fija 100909t1996 dr ac 001 0dspa d
040 ## - FUENTE DE LA CATALOGACIÓN
Centro catalogador/agencia de origen DO-SdBNP
Lengua de catalogación spa
Centro/agencia transcriptor BNPHU
082 ## - NÚMERO DE LA CLASIFICACIÓN DECIMAL DEWEY
Número de clasificación 972.93053
Número de documento/Ítem G934t
100 ## - ENTRADA PRINCIPAL--NOMBRE DE PERSONA
Nombre de persona Guerrero, Miguel,
Fechas asociadas al nombre 1945-
9 (RLIN) 14303
245 10 - MENCIÓN DE TÍTULO
Título Trujillo y los héroes de junio /
Mención de responsabilidad, etc. Miguel Guerrero ; prólogo Adriano Miguel Tejada.
260 ## - PUBLICACIÓN, DISTRIBUCIÓN, ETC.
Lugar de publicación, distribución, etc. Santo Domingo :
Nombre del editor, distribuidor, etc. Corripio,
Fecha de publicación, distribución, etc. 1996.
300 ## - DESCRIPCIÓN FÍSICA
Extensión 342 p. :
Otras características físicas il., retrs. ;
Dimensiones 24 cm.
500 ## - NOTA GENERAL
Nota general Incluye índice de nombres.
504 ## - NOTA DE BIBLIOGRAFÍA, ETC.
Nota de bibliografía, etc. Bibliografía : p. 331-334.
505 0# - NOTA DE CONTENIDO CON FORMATO
Nota de contenido con formato A manera de explicación y de agradecimiento --
Título Unos recuerdos (a manera de prólogo) /
Mención de responsabilidad Adriano Miguel Tejada --
Título Llegaron llenos de patriotismo --
-- Los héroes de junio --
-- Castro rompe relaciones con Trujillo --
-- Ventura Simó y el informe Rundt --
-- La guerra pasa al consejo de la OEA --
-- Entre debates e insultos --
-- Los "Amigos" recomiendan prudencia a Trujillo --
-- La diplomacia Trujillista --
-- Un memorandum confidencial --
-- El temor al exilio --
-- "Como una bomba de hidrógeno" --
-- Un asunto de guerra fria --
-- Todo se derrumba --
-- Epílogo --
-- Breve y necesaria explicación final --
-- Anexos --
-- Bibliografía --
-- Índice de nombres.
590 ## - NOTA LOCAL (RLIN)
Nota local Inventariado 2022 / DG
600 10 - PUNTO DE ACCESO ADICIONAL DE MATERIA--NOMBRE DE PERSONA
Nombre de persona Trujillo Molina, Rafael Leónidas,
Fechas asociadas al nombre 1891-1961
9 (RLIN) 76764
650 #4 - PUNTO DE ACCESO ADICIONAL DE MATERIA--TÉRMINO DE MATERIA
Término de materia o nombre geográfico como elemento de entrada Guerrillas
Subdivisión geográfica República Dominicana
Subdivisión general Historia
9 (RLIN) 7270
651 #0 - PUNTO DE ACCESO ADICIONAL DE MATERIA--NOMBRE GEOGRÁFICO
Nombre geográfico República Dominicana --
Subdivisión general Historia --
Subdivisión cronológica Invasión , 1959
9 (RLIN) 7269
910 ## - DATOS DE OPCIÓN DEL USUARIO (OCLC)
Datos de opción del usuario Validado. Control de calidad EMS.
942 ## - ELEMENTOS DE PUNTO DE ACCESO ADICIONAL (KOHA)
Fuente del sistema de clasificación o colocación Dewey Decimal Classification
Tipo de ítem Koha Libro
Holdings
Estado de retiro Estado de pérdida Fuente del sistema de clasificación o colocación Restricciones de uso No para préstamo Código de colección Localización permanente Ubicación/localización actual Ubicación en estantería Fecha de adquisición Signatura topográfica completa Código de barras Fecha visto por última vez Número de copia Precio válido a partir de Tipo de ítem Koha Nota pública Total de préstamos
    Dewey Decimal Classification Excluido de préstamo   Patrimonio Dominicano Biblioteca Nacional Pedro Henríquez Ureña Biblioteca Nacional Pedro Henríquez Ureña Depósito 01.08.2011 BNPHU DS 972.93053 G934t 21581-30 25.06.2020 e. 3 25.06.2020 Libro    
    Dewey Decimal Classification Excluido de préstamo   Patrimonio Dominicano Biblioteca Nacional Pedro Henríquez Ureña Biblioteca Nacional Pedro Henríquez Ureña Depósito 09.09.2010 BNPHU PD 972.93053 G934t 21581-10 25.06.2020   25.06.2020 Libro Perteneció a la biblioteca personal de Germán Emilio Ornes. Autografiado por el autor.  
    Dewey Decimal Classification Excluido de préstamo   Patrimonio Dominicano Biblioteca Nacional Pedro Henríquez Ureña Biblioteca Nacional Pedro Henríquez Ureña Depósito 09.09.2010 BNPHU PD 972.93053 G934t 21581-20 25.06.2020 e. 2 25.06.2020 Libro    
    Dewey Decimal Classification Préstamo en sala   Dominicana de Servicio Biblioteca Nacional Pedro Henríquez Ureña Biblioteca Nacional Pedro Henríquez Ureña Depósito 12.02.2015 BNPHU DS 972.93053 G934t 21581-40 25.06.2020 e. 4 25.06.2020 Libro    
    Dewey Decimal Classification Préstamo en sala   Dominicana de Servicio Biblioteca Nacional Pedro Henríquez Ureña Biblioteca Nacional Pedro Henríquez Ureña En catalogación 11.11.2022 BNPHU DS 972.93053 G934t 2022-5209 11.11.2022 e.5 11.11.2022 Libro    

Powered by Koha